[Event "SUI-ch HT2"]
[Site "Leukerbad"]
[Date "2011.07.12"]
[Round "4"]
[White "Umbach, Rahel"]
[Black "Lehmann, Dominik"]
[Result "0-1"]
[WhiteElo "1734"]
[BlackElo "1789"]
[PlyCount "28"]
[EventDate "2011.07.09"]
[EventType "swiss"]
[EventRounds "7"]
[EventCountry "SUI"]
[SourceTitle "EXT 2024"]
[Source "ChessBase"]
[SourceDate "2023.10.10"]
[SourceVersion "1"]
[SourceVersionDate "2023.10.10"]
[SourceQuality "1"]

1. d4 Nf6 2. c4 g6 3. Nc3 Bg7 4. e4 d6 5. f3 0-0 6. Be3 e5 7. dxe5 dxe5 8. Bc5 Re8 9. Qxd8 Rxd8 10. Nd5 Nxd5 11. cxd5 c6 12. 0-0-0 cxd5 13. exd5 Bf5 14. g4 Bh6+ 0-1